Investigating the status of ICT integration in teacher colleges: (Record no. 41140)

MARC details
000 -LEADER
fixed length control field 00656nam a22002057a 4500
003 - CONTROL NUMBER IDENTIFIER
control field OSt
005 - DATE AND TIME OF LATEST TRANSACTION
control field 20260529072646.0
008 - FIXED-LENGTH DATA ELEMENTS--GENERAL INFORMATION
fixed length control field 260529b |||||||| |||| 00| 0 eng d
040 ## - CATALOGING SOURCE
Transcribing agency DLC
050 ## - LIBRARY OF CONGRESS CALL NUMBER
Classification number LB1025.5
Item number .M20 2025
100 ## - MAIN ENTRY--PERSONAL NAME
Relator code Renatus, Makolo
245 ## - TITLE STATEMENT
Title Investigating the status of ICT integration in teacher colleges:
Remainder of title A focus on preparing competent teachers/
Statement of responsibility, etc. Makolo, Renatus
260 ## - PUBLICATION, DISTRIBUTION, ETC. (IMPRINT)
Place of publication, distribution, etc. Dodoma:
Name of publisher, distributor, etc. The University of Dodoma;
Date of publication, distribution, etc. 2024
300 ## - PHYSICAL DESCRIPTION
Extent xv, 300p.:
Other physical details ill.;
Dimensions 30 cm
504 ## - BIBLIOGRAPHY, ETC. NOTE
Bibliography, etc includes index
650 ## - SUBJECT ADDED ENTRY--TOPICAL TERM
Topical term or geographic name as entry element Educational Tchnology
9 (RLIN) 118478
Topical term or geographic name as entry element ICT
Topical term or geographic name as entry element Teachers competent
9 (RLIN) 118479
942 ## - ADDED ENTRY ELEMENTS (KOHA)
Source of classification or shelving scheme Library of Congress Classification
Koha item type Dissertations
Holdings
Withdrawn status Lost status Source of classification or shelving scheme Damaged status Not for loan Collection code Home library Current library Shelving location Date acquired Total Checkouts Full call number Barcode Date last seen Copy number Price effective from Koha item type
    Library of Congress Classification     Reference Informatics and Virtual Education Library Collection Informatics and Virtual Education Library Collection Reference 29/05/2026   LB1025.5 .M20 2025 18424516 29/05/2026 C.1 29/05/2026 Dissertations
    Library of Congress Classification     Reference Informatics and Virtual Education Library Collection Informatics and Virtual Education Library Collection Reference 29/05/2026   LB1025.5 .M20 2025 18424517 29/05/2026 C.2 29/05/2026 Dissertations
© The University of Dodoma 2020